Central Library OPAC University of Rajshahi

The application of systems analysis to Government operations (Record no. 74820)

MARC details
000 -LEADER
fixed length control field 00920nam a22003012a 4500
001 - CONTROL NUMBER
control field 74820
003 - CONTROL NUMBER IDENTIFIER
rucl marc code UkOxU
005 - DATE AND TIME OF LATEST TRANSACTION
control field 20211209082616.0
008 - FIXED-LENGTH DATA ELEMENTS--GENERAL INFORMATION
fixed length control field 500101s1968 nyua b 001 0 eng d
035 ## - SYSTEM CONTROL NUMBER
System control number BD-RjUL)75038
040 ## - CATALOGING SOURCE
Original cataloging agency DLC
Transcribing agency DLC
Modifying agency UKM
-- EQO
Language of cataloging eng
041 ## - LANGUAGE CODE
Language code of text/sound track or separate title eng
082 ## - DEWEY DECIMAL CLASSIFICATION NUMBER
Classification number 350/.0001/84
Edition number 23
Author mark and year BLA 1970
092 ## - LOCALLY ASSIGNED DEWEY CALL NUMBER (OCLC)
Classification number D0502205967
100 1# - MAIN ENTRY--PERSONAL NAME
Personal name Black, Guy.
9 (RLIN) 225735
245 14 - TITLE STATEMENT
Title The application of systems analysis to Government operations
260 ## - PUBLICATION, DISTRIBUTION, ETC. (IMPRINT)
Place of publication, distribution, etc. New York :
Name of publisher, distributor, etc. Praeger,
Date of publication, distribution, etc. [c1968]
300 ## - PHYSICAL DESCRIPTION
Pagination xiv, 186 p.
Illustrations illus.
Size 24 cm
504 ## - BIBLIOGRAPHY, ETC. NOTE
Bibliography, etc Bibliography: p. 173-181
650 #0 - SUBJECT ADDED ENTRY--TOPICAL TERM
Topical term or geographic name as entry element Public administration
9 (RLIN) 225736
Topical term or geographic name as entry element System analysis
9 (RLIN) 225737
830 #0 - SERIES ADDED ENTRY--UNIFORM TITLE
Uniform title Praeger special studies in U.S. economic and social development
942 ## - ADDED ENTRY ELEMENTS (KOHA)
Source of classification or shelving scheme Dewey Decimal Classification
Koha item type Books
Holdings
Lost status Source of classification or shelving scheme Damaged status Not for loan Collection code Permanent Location Current Location Shelving location Date acquired Total Checkouts Full call number Date last seen Copy number Koha item type
  Dewey Decimal Classification   Not For Loan Non-fiction Central Library, University of Rajshahi Central Library, University of Rajshahi Reading Room 09/12/2018   350.000184 BLA 1970 09/12/2018 C-1 Books